[Event "MCR senioru 2020 nad 60 let"]
[Site "Rychnov n. K."]
[Date "2020.08.13"]
[Round "6"]
[White "Marek, Jiri"]
[Black "Mojzis, Jan"]
[Result "1/2-1/2"]
[WhiteElo "1913"]
[BlackElo "2125"]
[EventDate "2020.08.08"]

1. e4  e6  2. d4  d5
3. Nc3  Nf6  4. Bg5
Be7  5. e5  Nfd7
6. h4  h6  7. Bxe7
Qxe7  8. Qg4  O-O
9. O-O-O  c5  10. f4
a6  11. f5  exf5
12. Qxf5  Nb6  13. Qf3
Be6  14. Nge2  Nc6
15. dxc5  Qxc5  16. Qf4
Nc4  17. a3  Rac8
18. Kb1  Rfd8  19. Rd3
N4xe5  20. Rg3  Ng6
21. Qc1  Kh8  22. h5
Nge7  23. Nf4  Nf5
24. Nxe6  fxe6  25. Rg6
Qe3  26. Qxe3  Nxe3
27. Rxe6  1/2-1/2

[Event "MCR senioru 2020 nad 60 let"]
[Site "Rychnov n. K."]
[Date "2020.08.13"]
[Round "6"]
[White "Mlynek, Petr"]
[Black "Mares, Petr"]
[Result "1/2-1/2"]
[WhiteElo "2100"]
[BlackElo "1873"]
[EventDate "2020.08.08"]

1. d4  g6  2. c4  Bg7
3. Nf3  d6  4. g3
Nf6  5. Bg2  O-O 6. O-O Nbd7
7. Nc3  e5  8. e4
c6  9. h3  Qc7
10. Be3  Re8  11. Re1  exd4
12. Nxd4  Nc5  13. Qc2
a5  14. Rad1  h6
15. f4  Ne6  16. Qd2
Nc5  17. Bf2  Kh7
18. g4  Bf8  19. Bg3
Be6  20. b3  Rad8
21. Qf2  Bc8  22. e5
Ng8  23. Ne4  Nxe4
24. Rxe4  dxe5  25. fxe5
Be6  26. Rf1  Bc5
27. Qb2  Rxd4  28. Rxd4
Rd8  29. Rfd1  Rxd4
30. Rxd4  Nf6  31. Kh2
Bxd4  32. Qxd4  Nd7
33. h4  Qd8  34. Be1
Qe7  35. Kg3  Qa3
36. Qa1  Qc5  37. Bc3
Qe3+  38. Bf3  Nc5
39. Bd4  Ne4+  40. Kg2
Qd2+  41. Kg1  Qf4
42. Qd1  Qg3+  43. Kf1
Nd2+  44. Qxd2  Qxf3+
45. Qf2  Qxg4  46. Be3
a4  47. Qf4  Qd1+
48. Kf2  Qc2+  49. Kg3
h5  50. Qf6  axb3
51. Bh6  Qd3+  52. Kg2
Qe4+  53. Kh2  Qe2+
54. Kh1  Qe4+  55. Kh2
Qe2+ 56. Be3 Qg4 1/2-1/2

[Event "MCR senioru 2020 nad 60 let"]
[Site "Rychnov n. K."]
[Date "2020.08.13"]
[Round "6"]
[White "Kubala, Karel"]
[Black "Pospisil, Evzen"]
[Result "1/2-1/2"]
[WhiteElo "1896"]
[BlackElo "2049"]
[EventDate "2020.08.08"]

1. d4  Nf6  2. Nf3  e6
3. g3  b6  4. Bg2
Bb7  5. O-O  Be7
6. c4  O-O  7. Nc3
d5  8. cxd5  Nxd5
9. Qc2  Nd7  10. e4
Nxc3  11. bxc3  c5
12. Rd1  Qc8  13. Qe2
Re8  14. a4  Qc6
15. Ne1  Rac8  16. Bb2
cxd4  17. cxd4  Qc4
18. Qe3  Qc7  19. Nd3
Qb8  20. h4  Rc2
21. Rd2  Rxd2  22. Qxd2
Rc8  23. Ba3  Bxa3
24. Rxa3  Qc7  25. Qb4
Ba6  26. Qe7  Nf6
27. Qxc7  Rxc7  28. Ne5
Kf8  29. a5  Rc1+
30. Kh2  b5  31. Nd3
Rc4  32. Nc5  Bc8
33. e5  Nd7  34. Bf1
Rxd4  35. Rc3  Rd5
36. Nxe6+  1/2-1/2

[Event "MCR senioru 2020 nad 60 let"]
[Site "Rychnov n. K."]
[Date "2020.08.13"]
[Round "6"]
[White "Horak, Vladimir"]
[Black "Jindrasek, Mojmir"]
[Result "1/2-1/2"]
[WhiteElo "1989"]
[BlackElo "1811"]
[EventDate "2020.08.08"]

1. Nf3  Nf6  2. d4  d5
3. e3  g6  4. c4
e6  5. Nc3  c6
6. Bd2  Bg7  7. Bd3  Nbd7
8. O-O  O-O  9. cxd5
exd5  10. b4  a6
11. a4  Re8  12. Qc2
Qe7  13. Rfc1  Ne4
14. b5  axb5  15. axb5
Rxa1  16. Rxa1  Nxd2
17. Qxd2  Qd6  18. bxc6
bxc6  19. Rc1  Bb7
20. Na4  Ra8  21. Qc2
Ba6  22. Ne1  Bxd3
23. Nxd3  Qa3  24. Nac5
Nxc5  25. Nxc5  Bf8
26. g3  Bxc5  27. Qxc5
Qxc5  28. Rxc5  Ra6
29. Kg2  Kg7  30. Kf3
Kf6  31. h4  h5
32. Ke2  Ra2+  33. Ke1  Ra1+
34. Kd2  Ra2+  35. Rc2
Rxc2+  36. Kxc2  Ke7
37. Kc3  Kd7  38. Kd3
Kd6  39. f3  f5
1/2-1/2

[Event "MCR senioru 2020 nad 70 let"]
[Site "Rychnov n. K."]
[Date "2020.08.13"]
[Round "6"]
[White "Sejkora, Vlastimil"]
[Black "Zeman, Ladislav"]
[Result "1-0"]
[WhiteElo "2185"]
[BlackElo "1771"]
[EventDate "2020.08.08"]

1. e4  e5  2. Nf3  Nc6
3. Bb5  Be7  4. O-O
d6  5. c3  Nf6
6. d4  exd4  7. cxd4  O-O
8. Nc3  Bd7  9. h3
a6  10. Ba4  h6
11. Be3  Qc8  12. a3  Rd8
13. b4  Bf8  14. Rc1
Ne7  15. Bb3  Ng6
16. Nh2  Bc6  17. f3
d5  18. e5  Ne8
19. f4  f5  20. g4  Ne7
21. gxf5  Nxf5  22. Bf2
Qe6  23. Qg4  Bb5
24. Rfd1  c6  25. Nf3
g6  26. Nh4  Kh7
27. Kh2  h5  28. Qg2
Bh6  29. Nxf5  Bxf4+
30. Ng3  h4  31. Rc2
Ng7  32. Kh1  hxg3
33. Bxg3  Nh5  34. Bxf4
Nxf4  35. Qg3  Rf8
36. Ne4  Kg7  37. Nf6
Rh8  38. Rh2  Rxh3
39. Qxf4  Rah8  40. Rdd2
Qc8  41. Rdg2  Rxb3
42. Ne8+ 1-0

[Event "MCR senioru 2020 nad 70 let"]
[Site "Rychnov n. K."]
[Date "2020.08.13"]
[Round "6"]
[White "Volf, Jaroslav"]
[Black "Kohout, Jan"]
[Result "1/2-1/2"]
[WhiteElo "1966"]
[BlackElo "1928"]
[EventDate "2020.08.08"]

1. e4  c5  2. c3  Nf6
3. e5  Nd5  4. d4
cxd4  5. cxd4  e6
6. Nc3  Nxc3  7. bxc3
d5  8. Bd3  Qc7
9. Bd2  Nc6  10. Nf3  Be7
11. O-O  Bd7  12. Qe2
Na5  13. Ne1  Nc4
14. Bxc4  dxc4  15. Nc2
O-O  16. f4  f5
17. exf6  Bxf6  18. Ne3  b5
19. Ng4  Rae8  20. Ne5
Bxe5  21. fxe5  Bc6
22. Qg4  1/2-1/2

[Event "MCR senioru 2020 nad 70 let"]
[Site "Rychnov n. K."]
[Date "2020.08.13"]
[Round "6"]
[White "Just, Pavel"]
[Black "Haderka, Karel"]
[Result "1-0"]
[WhiteElo "1958"]
[BlackElo "1819"]
[EventDate "2020.08.08"]

1. e4  e5  2. Nf3  Nc6
3. Bb5  d6  4. d4
exd4  5. Nxd4  Bd7
6. Bxc6  bxc6  7. O-O
Nf6  8. Nc3  Be7
9. f3  O-O  10. Be3
h6  11. Qd2  Nh7
12. Rfd1  Ng5  13. f4
Ne6  14. Nf5  Re8
15. e5  d5  16. Nxe7+
Qxe7  17. Qf2  a6
18. Na4  Rab8  19. c3
Rb5  20. b4  a5
21. a3  axb4  22. cxb4  Ra8
23. Nc5  Nxc5  24. Bxc5
Qe6  25. a4  Rbb8
26. a5  Bc8  27. Re1
Qf5  28. h3  h5
29. Ra3  Ba6  30. Rg3  g6
31. Rg5  Qd7  32. f5
Bd3  33. e6 1-0

[Event "MCR senioru 2020 nad 70 let"]
[Site "Rychnov n. K."]
[Date "2020.08.13"]
[Round "6"]
[White "Majerik, Vladimir"]
[Black "Trojan, Lubos"]
[Result "1/2-1/2"]
[WhiteElo "1842"]
[BlackElo "1953"]
[EventDate "2020.08.08"]

1. d4  d5  2. Nf3  Nf6
3. Bg5  Nbd7  4. e3
c6  5. c3  Qc7
6. Nbd2  g6  7. Bd3  Bg7
8. O-O  O-O  9. Re1
Re8  10. Bf4  Qb6
11. Qb3  Nh5  12. Qxb6
Nxb6  13. Bc7  Bf5
14. Bxf5  gxf5  15. h3
Nf6  16. Nb3  Nc4
17. Rab1  Ne4  18. Red1
Rac8  19. Bf4  b6
20. Nbd2  Ncxd2  21. Nxd2
Nxd2  22. Rxd2  f6
23. Rc2  e5  24. Bg3
Kf7  25. Kf1  h5
26. Rbc1  Ke6  27. b3
Kd7  28. Rd1  Bh6
29. c4  f4  30. exf4
exf4  31. Bh4  Bg5
32. Bxg5  fxg5  33. Re2
Rxe2  34. Kxe2  Re8+
35. Kd3  Re4  36. cxd5
cxd5  37. Rc1 1/2-1/2

[Event "MCR senioru 2020 nad 70 let"]
[Site "Rychnov n. K."]
[Date "2020.08.13"]
[Round "6"]
[White "Papan, Cyril"]
[Black "Sedlacek, Jan"]
[Result "1-0"]
[WhiteElo "1933"]
[BlackElo "1847"]
[EventDate "2020.08.08"]

1. d4  Nf6  2. c4  g6
3. Nc3  d5  4. Bf4
Bg7  5. Rc1  O-O
6. Nf3  c6  7. e3
dxc4  8. Bxc4  Nh5
9. Be5  Bg4  10. Bxg7
Nxg7  11. O-O  Nd7
12. Bb3  Qa5  13. h3
Be6  14. Na4  Qb5
15. Bxe6  Nxe6  16. b3
Rfd8  17. Qc2  Nc7
18. Qe4  e6  19. Qh4
Kg7  20. e4  Na6
21. e5  Qd3  22. Rc3
Qf5  23. Ng5  h6
24. Ne4  g5  25. Qg4
Qxg4  26. hxg4  f6
27. exf6+  Nxf6  28. Nec5
Nxc5  29. Nxc5  Kf7
30. Nxb7  Rxd4  31. Rxc6
Rd2  32. a4  Rb2
33. Nc5  Nxg4  34. Rc7+
Kf6  35. a5  Ra2
36. a6  Ke5  37. b4
Kd6  38. Rd7+  Kc6
39. Re7  Kb5  40. Rxe6
Kxb4  41. Nb7  Rf8
42. Re4+  Kb5  43. Rxg4
Rxa6  44. Rb1+  Kc6
45. Rc4+  Kd5  46. Rc5+
Kd4  47. Rd1+  Ke4
48. Nd6+  Kf4  49. Rd4#
1-0

[Event "MCR senioru 2020 nad 70 let"]
[Site "Rychnov n. K."]
[Date "2020.08.13"]
[Round "6"]
[White "Jablecnik, Gustav"]
[Black "Laska, Zdenek"]
[Result "1-0"]
[WhiteElo "1989"]
[BlackElo "1833"]
[EventDate "2020.08.08"]

1. e4  c5  2. Bc4  e6
3. Qe2  d6  4. d3
Be7  5. Bb3 Nc6  6. c3
Nf6  7. f4  Qc7
8. Nf3  Nd7  9. O-O  O-O
10. Be3  Na5  11. Bc2
e5  12. f5  Nf6
13. Bg5  b5  14. Nbd2  Rb8
15. Bxf6  Bxf6  16. g4
Be7  17. g5  f6
18. h4  b4  19. Rab1  bxc3
20. bxc3  Rxb1  21. Rxb1
Bd7  22. c4  Rb8
23. Qd1  Nc6  24. Ba4
Rxb1  25. Qxb1  Bc8
26. Kf2  Qb6  27. Qxb6
1-0

[Event "MCR senioru 2020 nad 80 let"]
[Site "Rychnov n. K."]
[Date "2020.08.13"]
[Round "6"]
[White "Walter, Jaroslav"]
[Black "Jacek, Miloslav"]
[Result "0-1"]
[WhiteElo "1630"]
[BlackElo "1938"]
[EventDate "2020.08.08"]

1. e4  d5  2. exd5  Qxd5
3. Nc3  Qd6  4. d4
Nf6  5. Be3  a6
6. Bc4  Qc6  7. Bf1  e6
8. a3  b5  9. Nf3
Nbd7  10. Bd3  b4
11. axb4  Bxb4  12. Bd2
Bb7  13. Qe2  O-O
14. O-O  Bd6  15. h3
e5  16. d5  Nxd5
17. Bxh7+  Kxh7  18. Ng5+
Kg8  19. Nce4  N5f6
20. f3  Be7  21. Ng3
Nd5  22. Nf5  Bxg5
23. Bxg5  Qg6  24. Ne7+
Nxe7  25. Bxe7  Rfe8
26. Bh4  Qh5  27. Qc4
e4  28. fxe4  Qc5+
29. Qxc5  Nxc5  30. Bg3
Nxe4  31. Bh2  Re6
32. Ra3  Rae8  33. Rb3
Bd5  0-1

[Event "MCR senioru 2020 nad 80 let"]
[Site "Rychnov n. K."]
[Date "2020.08.13"]
[Round "6"]
[White "Holecek, Vladimir"]
[Black "Most, Zdenek"]
[Result "1/2-1/2"]
[WhiteElo "1904"]
[BlackElo "1978"]
[EventDate "2020.08.08"]

1. e4  c5  2. Nf3  Nc6
3. d4  cxd4  4. Nxd4
Nf6  5. Nc3  d6
6. Be2  g6  7. Be3  Bg7
8. Qd2  O-O  9. f3
d5  10. Nxc6  bxc6 11. Rd1 Be6
12. exd5  cxd5  13. O-O
Qa5  14. Nb5  Qxd2 15. Rxd2 a5
16. a4  Bd7  17. c3
e6  18. g3  Bc6
19. Bd4  Nd7  20. f4  Bxd4+
21. Nxd4  Bb7  22. Bb5
Nc5  23. Ra1  Ne4
24. Re2  Ba6  25. Kg2
Nd6  26. Bxa6  Rxa6
27. Kf3  Rb8  28. Ra2
Rab6  29. Rc2  Kf8
30. Ke2  Nc4  31. b3
Nd6  32. Kd3  Ne4
33. b4  axb4  34. cxb4
Rxb4  35. a5  Nd6
36. a6  Nc4  37. Ra1
Ra8  38. Rca2  Rb6
39. Kc3  Ra7  40. Nb3
Ke8  41. Nc5  Kd7
42. Nb7  Kc7  43. Nc5
Nd6  44. Nd3  Ne4+ 45. Kd4 f6
46. Rc1+  Rc6  47. Nc5
Nxc5  48. Rxc5  Rxc5
49. Kxc5  Kb6+  1/2-1/2

[Event "MCR senioru 2020 nad 80 let"]
[Site "Rychnov n. K."]
[Date "2020.08.13"]
[Round "6"]
[White "Prachar, Josef"]
[Black "Vlasak, Ladislav"]
[Result "0-1"]
[WhiteElo "1792"]
[BlackElo "1765"]
[EventDate "2020.08.08"]

1. d4  Nf6  2. c4  g6
3. Nc3  Bg7  4. e4
d6  5. f4  O-O
6. Nf3  Na6  7. e5  Nd7
8. c5  dxc5  9. Bxa6
bxa6  10. d5  Nb6
11. Be3  c4  12. Qd2
Bf5  13. Nd4  Bd3
14. Nc6  Qd7  15. Nb4
Rfd8  16. Nxd3  cxd3
17. Bxb6  axb6  18. Qxd3
Qg4  19. Qg3  Qf5
20. O-O  Qc2  21. Rf2
Qf5  22. Qf3  h5
23. Ne4  f6  24. Ng3
Qd7  25. Rd1  fxe5
26. fxe5  Rf8  27. Qe4
Rxf2  28. Kxf2  Rf8+
29. Kg1  Qg4 30. Qxg4  hxg4
31. Rd4  Bxe5  32. Rxg4
Kh7  33. Re4  Bd6
34. Rh4+  Kg7  35. Rg4
Kh6  36. h3  Bc5+
37. Kh2  Bd6  38. Ra4
a5  39. h4  Rf2
40. Kh3  Rxb2  0-1

[Event "MCR senioru 2020 nad 80 let"]
[Site "Rychnov n. K."]
[Date "2020.08.13"]
[Round "6"]
[White "Hadamek, Miroslav"]
[Black "Vochozka, Jindrich"]
[Result "0-1"]
[WhiteElo "1649"]
[BlackElo "1747"]
[EventDate "2020.08.08"]

1. Nf3  Nf6  2. d4  d5
3. g3  c6  4. Bg2
Bf5  5. O-O  e6
6. Nh4  Bg6  7. Nxg6  hxg6
8. Nd2  Nbd7  9. e4
dxe4  10. Nxe4  Nxe4
11. Bxe4  Nf6  12. Bg2
Qb6  13. c3  Bd6
14. c4  Qd8  15. Re1
Kf8  16. a3  Qd7
17. Bg5  Rh5  18. Bxf6
gxf6  19. Qc2  Kg7
20. Re4  Qc7  21. c5
Be7  22. Rae1  Rd8
23. h4  f5  24. Rf4
Bf6  25. Rd1  Rd7
26. Bf3  Rh6  0-1

[Event "MCR senioru 2020 nad 80 let"]
[Site "Rychnov n. K."]
[Date "2020.08.13"]
[Round "6"]
[White "Pokora, Lubomir"]
[Black "Matoulek, Jaroslav"]
[Result "1-0"]
[WhiteElo "1732"]
[BlackElo "1560"]
[EventDate "2020.08.08"]

1. b3  e5  2. Bb2  Nc6
3. e3  d6  4. Nf3
Be7  5. d3  Nf6
6. Nbd2  h6  7. g3  Be6
8. Bg2  Qd7  9. h3
a5  10. a3  Rb8
11. Qe2  b5  12. e4  Na7
13. d4  exd4  14. Nxd4
O-O  15. Nxe6  fxe6
16. O-O  e5  17. Nf3
Nh7  18. Rad1  Qe6
19. Kh2  Nc6  20. Rd5
Na7  21. Bc1  c6
22. Rdd1  Qg6  23. Qd3
Rbd8  24. Be3  c5
25. a4  bxa4  26. Qa6
Nc8  27. Nxe5  dxe5
28. Qxg6  Nf6  29. Bxh6
Rf7  30. Rxd8+  Bxd8
31. bxa4  Ne7  32. Qg5
Nd7  33. Qg4  Nf6
34. Qd1  Rf8  35. Be3
Bb6  36. Qd6  Nc8
37. Qxe5  Nd7  38. Qe6+
Rf7  39. Qc6  Na7
40. Qd5  1-0

[Event "MCR senioru 2020 nad 50 let"]
[Site "Rychnov n. K."]
[Date "2020.08.14"]
[Round "7"]
[White "Richter, Martin"]
[Black "Svarc, Roman"]
[Result "0-1"]
[WhiteElo "1952"]
[BlackElo "1981"]
[EventDate "2020.08.08"]

1. e4  c5  2. Nc3  Nc6
3. Bb5  d6  4. f4
g6  5. Nf3  Bg7
6. d3  Nf6  7. O-O  O-O
8. Bxc6  bxc6  9. Qe1
Qa5  10. Qh4  c4
11. f5  cxd3  12. cxd3
Rb8  13. Bh6  Rxb2
14. Ng5  gxf5  15. Bxg7
Kxg7  16. Rf3  Rh8
17. Rg3  Ng4  18. d4
h5  19. h3  f6
20. Rf3  Rc2  21. Qe1  fxg5
22. hxg4  hxg4  23. exf5
e6  24. Qe3  Rh5
25. f6+  Kf7  26. Rg3
Qf5  27. Ne4  Kf8
28. Nxd6  Qh7  29. Rh3
gxh3  30. Nxc8  hxg2
31. Qa3+ c5 0-1

[Event "MCR senioru 2020 nad 50 let"]
[Site "Rychnov n. K."]
[Date "2020.08.14"]
[Round "7"]
[White "Bartos, Jan"]
[Black "Kucera, Jiri"]
[Result "1/2-1/2"]
[WhiteElo "2131"]
[BlackElo "2019"]
[EventDate "2020.08.08"]

1. d4  d6  2. c4  g6
3. e4  Bg7  4. Nc3
Nd7  5. Be3  e5
6. Nf3  Ngf6  7. Be2  O-O
8. O-O  Re8  9. Qc2
Ng4  10. Bg5  Ngf6
11. Rad1  exd4  12. Nxd4
h6  13. Be3  Nc5
14. f3  a5  15. Ndb5
Bd7  16. b3  Bxb5
17. Nxb5  Qe7  18. Rfe1
Ne6  19. Bf1  Kh7
20. Nc3  Nd7  21. Nd5
Qd8  22. a3  c5
23. Nc3  Nd4  24. Bxd4  Bxd4+
25. Rxd4  cxd4  26. Nb5
Qb6  27. Qf2  Ne5
1/2-1/2

[Event "MCR senioru 2020 nad 50 let"]
[Site "Rychnov n. K."]
[Date "2020.08.14"]
[Round "7"]
[White "Mazanek, Kamil"]
[Black "Kozak, Karel"]
[Result "1-0"]
[WhiteElo "2052"]
[BlackElo "1860"]
[EventDate "2020.08.08"]

1. e4  e5  2. Nc3  Nf6
3. Nf3  Nc6  4. Bb5
d6  5. d4  exd4
6. Nxd4  Bd7  7. O-O  a6
8. Nxc6  bxc6  9. Bc4
Be6  10. Qd3  Nd7
11. f4  Be7  12. Be3
Qc8  13. Bxe6  fxe6
14. Qc4  Nb8  15. Rad1
Qd7  16. Rf3  Bf6
17. e5  Be7  18. Qb3
Qc8  19. f5  O-O
20. exd6  cxd6  21. Rdf1
c5  22. fxe6  Rxf3
23. Rxf3  Nc6  24. Nd5
Ra7  25. Bg5  Rb7
26. Qe3  Bxg5  27. Qxg5
Qxe6  28. Nf6+  Kh8
29. Nd5  h6  30. Rf8+
Kh7  31. Qd2  Rf7
32. Nf4  Qf6  33. Qd3+
g6  34. Rxf7+  Qxf7
35. g3  Nd4  36. c3
Nb5  37. a4  c4
38. Qd2  g5  39. axb5  gxf4
40. b6  fxg3  41. hxg3
d5  42. Qf4  Qe6
43. Qc7+  Kg6  44. Qc5
Qe1+  45. Kg2  Qe4+
46. Kh2  Qe2+  47. Kg1
Qe1+  48. Kg2  Qe4+
49. Kf2  Qc2+  50. Ke3
Qd3+  51. Kf2  Qd2+
52. Kf3  Qd1+  53. Kf4
Qf1+  54. Ke5  Qf5+
55. Kd6  1-0

[Event "MCR senioru 2020 nad 50 let"]
[Site "Rychnov n. K."]
[Date "2020.08.14"]
[Round "7"]
[White "Pan, Vladimir"]
[Black "Zidu, Jan"]
[Result "1-0"]
[WhiteElo "2026"]
[BlackElo "1828"]
[EventDate "2020.08.08"]

1. e4  e6  2. d4  d5
3. Nd2  c5  4. exd5
Qxd5  5. Ngf3  cxd4
6. Bc4  Qd8  7. O-O
Nc6  8. Nb3  Nf6
9. Nbxd4  Be7  10. c3
Nxd4  11. Nxd4  Nd5
12. Qe2  O-O  13. Re1
Bf6  14. Nf3  a6
15. Ne5  b5  16. Bb3
Bb7  17. a4  bxa4
18. Bxa4  Qc7  19. Nd7
Rfd8  20. Nxf6+  Nxf6
21. Bg5  Rd5  22. Bh4
Qf4  23. Bg3  Qd2
24. Bb3  Rd7  25. Rad1
Qxe2  26. Rxe2  Rxd1+
27. Bxd1  Rd8  28. Bc2
Be4  29. f3  Bxc2
30. Rxc2  Rc8  31. Bd6
Rc6  32. Ba3  g5
33. Rd2  e5  34. Rd6
Rxd6  35. Bxd6  Nd7
36. c4  f5  37. c5
e4  38. fxe4  fxe4
39. Kf2  Kf7  40. c6
Nb6  41. Bc7  Nd5
42. Bd8  Ke6  43. Ba5
Kd6  44. c7  Kd7
45. g4  Ne7  46. Ke3
Nc6  47. Bb6  Ne5
48. Kxe4  Nxg4  49. h3
Nf6+  50. Kf5  Nd5
51. Ba5  Nxc7  52. Bxc7
Kxc7  53. Kxg5  Kc6
54. Kh6  1-0

[Event "MCR senioru 2020 nad 50 let"]
[Site "Rychnov n. K."]
[Date "2020.08.14"]
[Round "7"]
[White "Bracha, Pavel"]
[Black "Kalousek, Vladimir"]
[Result "1/2-1/2"]
[WhiteElo "1843"]
[BlackElo "1963"]
[EventDate "2020.08.08"]

1. e4  c5  2. Nf3  d6
3. a3  Nf6  4. Nc3
g6  5. e5  dxe5
6. Nxe5  Bg7  7. Bc4  O-O
8. d3  Nbd7  9. Bf4
Nxe5  10. Bxe5  Bd7
11. Qe2  Bc6  12. f3
e6  13. O-O  Nd5
14. Bxg7  Kxg7  15. Qd2
Qf6  16. Rab1  Nxc3
17. Qxc3  1/2-1/2

[Event "MCR senioru 2020 nad 50 let"]
[Site "Rychnov n. K."]
[Date "2020.08.14"]
[Round "7"]
[White "Zatko, Michal"]
[Black "Kutak, Jaroslav"]
[Result "1-0"]
[WhiteElo "1794"]
[BlackElo "1217"]
[EventDate "2020.08.08"]

1. e4  d5  2. exd5  Qxd5
3. Nc3  Qa5  4. Nf3
Bg4  5. Be2  Nf6
6. O-O  c6  7. b4
Qc7  8. h3  Bxf3
9. Bxf3  e6  10. Rb1
Nd5  11. Nxd5  cxd5
12. Bb2  Nd7  13. Re1
Rc8  14. Bxd5  Kd8
15. Bb3  Nf6  16. Qf3
Be7  17. Re3  Qc6
18. Rd3+  Ke8  19. Qe3
Nd5  20. Bxd5  exd5
21. Re1  Rc7  22. Rc3
Qd6  23. Rxc7  Qxc7
24. Bxg7  Rg8  25. Bf6
Qd7  26. Qxe7+  Qxe7
27. Rxe7+  1-0

[Event "MCR senioru 2020 nad 50 let"]
[Site "Rychnov n. K."]
[Date "2020.08.14"]
[Round "7"]
[White "Lorencova, Jitka"]
[Black "Cermak, Miroslav"]
[Result "0-1"]
[WhiteElo "1331"]
[BlackElo "1837"]
[EventDate "2020.08.08"]

1. e4  b6  2. Nf3  Bb7
3. d3  e6  4. Be2
Be7  5. Nc3  d6
6. Be3  Nd7  7. Qd2  h6
8. a3  Ngf6  9. h3
c6  10. Bf4  Qc7
11. O-O  g5  12. Bh2
g4  13. Ne1  gxh3
14. gxh3  O-O-O  15. Kh1
Nh7  16. f4  Ndf6
17. Ng2  d5  18. Qe1
Ne8  19. e5  Ng7
20. d4  Nf5  21. Rd1
c5  22. Nb5  Qb8
23. Bg4  Ba6  24. Bxf5
Bxb5  25. Bd3  Bxd3
26. Rxd3  cxd4  27. Rxd4
Bc5  28. Rd3  Qb7
29. b4  Be7  30. Rd4
Kb8  31. Ne3  Rhg8
32. Ng4  Rg6  33. Qe2
Ka8  34. a4  Rdg8
35. Rf2  Bh4  36. Rf3
h5  37. Ne3  f6
38. c3  Qg7  39. Rd1  fxe5
40. fxe5  Bg3  41. Qb5
Bxe5  42. Qc6+  Kb8
43. Rf2  Bxh2  44. Kxh2
Qe5+  45. Kh1  Rg3
46. Nf1  Rxh3+  47. Nh2
Qe4+ 0-1

[Event "MCR senioru 2020 nad 50 let"]
[Site "Rychnov n. K."]
[Date "2020.08.14"]
[Round "7"]
[White "Kolibik, Jan"]
[Black "Vorel, Bohuslav"]
[Result "1/2-1/2"]
[WhiteElo "1612"]
[BlackElo "1564"]
[EventDate "2020.08.08"]

1. c4  Nf6  2. b3  g6
3. Bb2  Bg7  4. Nf3
O-O  5. g3  b6
6. Bg2  Bb7  7. O-O  c5
8. d3  Nc6  9. Nbd2
Qc7  10. Ne4  Nxe4
11. Bxg7  Kxg7  12. dxe4
f6  13. Qc1  Rad8
14. Qb2  Ne5  15. Nxe5
Qxe5  16. Qxe5  fxe5
17. Rad1  d6  18. f3
a5 1/2-1/2

[Event "MCR senioru 2020 nad 50 let"]
[Site "Rychnov n. K."]
[Date "2020.08.14"]
[Round "7"]
[White "Hudec, Jiri"]
[Black "Dolezal, Rudolf"]
[Result "0-1"]
[WhiteElo "1093"]
[BlackElo "1616"]
[EventDate "2020.08.08"]

1. e4  c5  2. Nf3  Nc6
3. Nc3  e5  4. Bc4
Be7  5. d3  Nf6
6. Be3  d6  7. O-O  O-O
8. Nd5  Nxd5  9. Bxd5
Be6  10. c4  Bxd5
11. cxd5  Nb8  12. Qd2
Nd7  13. Rac1  Rc8
14. a3  Nf6  15. Rc2
Ng4  16. Bg5  h6
17. Bxe7  Qxe7  18. h3
Nf6  19. Rfc1  Nd7
20. Qa5  a6  21. Rc3
f5  22. Rb3  Nf6
23. Qd2  fxe4  24. dxe4
Nxe4  25. Qe3  Nf6
26. Nh4  Qf7  27. Qg3
Ne4  28. Qe3  Nxf2
29. Rf1  Nxh3+  30. gxh3
Qxf1+  31. Kh2  Rf2+
32. Kg3 Qg1+ 33. Ng2  Qxg2+  34.
Kh4  Rf4+  0-1

[Event "MCR senioru 2020 nad 60 let"]
[Site "Rychnov n. K."]
[Date "2020.08.14"]
[Round "7"]
[White "Novotny, Josef"]
[Black "Janda, Zdenek"]
[Result "0-1"]
[WhiteElo "1968"]
[BlackElo "2068"]
[EventDate "2020.08.08"]

1. e3  g6  2. d3  Bg7
3. Ne2  b6  4. Nd2
Bb7  5. e4  d5
6. Ng3  Nd7  7. Be2  Ngf6
8. c3  e5  9. Qc2
Nc5  10. b3  h5
11. h4  O-O  12. Ba3  Re8
13. Bxc5  bxc5  14. O-O-O
a5  15. exd5  Nxd5
16. Bf3  a4  17. Nge4
Qe7  18. bxa4  Bc6
19. Nb3  Bxa4  20. Nexc5
Bxb3  21. Nxb3  Qa3+
22. Qb2  e4  23. Bxe4
Nxc3  0-1

[Event "MCR senioru 2020 nad 60 let"]
[Site "Rychnov n. K."]
[Date "2020.08.14"]
[Round "7"]
[White "Vagner, Ladislav"]
[Black "Urban, Zdenek"]
[Result "0-1"]
[WhiteElo "1883"]
[BlackElo "2076"]
[EventDate "2020.08.08"]

1. d4  f5  2. Nf3  Nf6
3. c4  g6  4. Nc3
Bg7  5. Bg5  O-O
6. e3  d6  7. Bd3
Nbd7  8. O-O  e5
9. e4  f4  10. Nd5
c6  11. Nxf6+  Bxf6
12. h4  exd4  13. Bxf4
Ne5  14. Bh6  Bg7
15. Bg5  Nxf3+  16. gxf3
Qd7  17. Kg2  Qh3+
18. Kg1  Rxf3 0-1

[Event "MCR senioru 2020 nad 60 let"]
[Site "Rychnov n. K."]
[Date "2020.08.14"]
[Round "7"]
[White "Malinovsky, Petr"]
[Black "Juricek, Stanislav"]
[Result "1-0"]
[WhiteElo "2081"]
[BlackElo "2058"]
[EventDate "2020.08.08"]

1. d4  Nf6  2. c4  e6
3. Nc3  Bb4  4. e3 Bxc3+
5. bxc3  Qe7  6. Bd3
d6  7. Ne2  e5
8. O-O  O-O  9. f3  c5
10. Ng3  Nc6  11. d5
Na5  12. Qe2  Kh8
13. Kh1  Bd7  14. Nf5
Bxf5  15. Bxf5  e4
16. Bd2  Rae8  17. Be1
g6  18. Bh4  Qe5
19. Bh3  Ng8  20. Bg3
Qe7  21. fxe4  Qc7
22. Rf4  Re7  23. Raf1
Rfe8  24. Bh4  f6
25. Rxf6  Rxe4  26. Rf7
Qb6  27. Qf2  1-0